| 000 | 00555 a2200181 4500 | ||
|---|---|---|---|
| 003 | OSt | ||
| 005 | 20231121110926.0 | ||
| 008 | 231121b |||||||| |||| 00| 0 eng d | ||
| 020 | _a9780521689205 | ||
| 040 | _coclc | ||
| 082 |
_a574.5 _bCHA/E |
||
| 100 | 1 |
_aChapman, J. L. _q(Jenny Louise), _d1955- _99900 |
|
| 245 |
_aEcology : _b principles and applications / _c J L Chapman and M J Reiss |
||
| 250 | _a2nd ed. | ||
| 260 |
_bCambridge University press, _c2019. |
||
| 300 | _a330p | ||
| 942 |
_2ddc _cBK _h574.5 _iCHA/E _k574.5 _mCHA/E |
||
| 999 |
_c43686 _d43686 |
||